Quizzes
Events
Quiz Creation
Community
Videos
Private Events
Remove Ads
Sign In
Join for FREE
Feedback
Dark Mode
Quiz Categories
Sports
Geography
Music
Movies
Television
Just For Fun
Miscellaneous
History
Literature
Language
Science
Gaming
Entertainment
Religion
Holiday
For Kids
Quiz Lab
Recent
Popular Today
Quiz Kudos Today
Editor Picks
Curator Picks
Quizzes by...
Day
Popularity
Type
Ratings
Length
Year
Community
Subscriptions
Recent Discussions
Orange Saloon
Badges
Playlists
Quests
Create
Leaderboards
Showdown
Live 5
Trivia Bingo
Activity
Puzzle Library
Sporcle Events
Private Events
Virtual Trivia
Globe League
Become a Host
Pub Owners
SporcleCon
Opinionation
Our Games
Videos
Blog
Mobile Apps
Partnerships
Remove Ads and Go Orange
Feedback
History
US Presidents
World Leaders
Politics
Nation
Discovery
War
Decade
Year
Century
Biography
Art
History
US Presidents
World Leaders
Politics
Nation
Discovery
War
Decade
Year
Century
Biography
Art
Random Quiz
Search Sporcle
×
Quiz Lab
Quiz Lab
History
lee
Type in answers that appear in a list
Type in answers that appear in a list
Classic
Best Score? Go Orange.
The Jack Lee Life Stories Quiz Stats
Can you name the The Jack Lee Life Stories Quiz?
By
jop379
4m
20 Questions
17 Plays
17 Plays
17 Plays
Comments
Comments
Give Quiz Kudos
Give Quiz Kudos
-
- Ratings
hide this ad
Replay
Link that replays current quiz
Next Quiz
Link to next quiz in quiz playlist
You Got
0%
They Got
Avg Score
22%
Avg Friend Score
Upgrade to see
Score Distribution
Jump to the score distribution portion of the page
Score
0/20
Timer
04:00
0
Plays Today
% Correct
Harry Grinter
70.6%
Jack John Henry Simon Lee
58.8%
milk
47.1%
Frank Sinatra
41.2%
Steve McQueen
35.3%
The Rat Pack
35.3%
SCIENCE
29.4%
John Lee Hooker
29.4%
Yeovil
29.4%
Crack
17.6%
% Correct
because Harry called Jacks Mum poo and Jack called Harrys Mum Poo
11.8%
treebeard
11.8%
The Battle of Hastings, World War one, World War two and World War three
5.9%
Convert him to a Jamacan
5.9%
New York
5.9%
waterstones
5.9%
Become Hitlers friend and bring down the Third Reich, saving millions of lives
0%
Turkey Dinasaur
0%
because thats harrys place in the queue
0%
Frank Sinatra, Dean Martin, Sammy Davis Jnr, Dr Emment.L Brown with the Delorean
0%
Quiz Playlist
Details
Report
Send in Message
Add To Playlist
Classic:
Type in answers that appear in a list
Last Updated: Feb 16, 2017
Quiz Scoreboard
CHALLENGE
Sign Up to Join the Scoreboard
Show All
Scores
Hide
Comments
May contain spoilers
Recently Published
Decade Duel: World Leaders
by jenniferyan
History
4m
Alphabetical 'K' Countries by Flag Minefield
by ylime102
Geography
3m
Pick 6: Fruits
by JohnFran
Miscellaneous
15s
More to Explore
Quiz From the Vault
Featured Blog Post
15 Basketball Trivia Facts You Can Be March Mad About
hide this ad
You Might Also Like...
Tags
A-C
jack
lee
life
look-alike
Today's Top Quizzes in History
Browse History
hide this ad
Today's Top Quizzes in lee
Browse lee
Top Contributed Quizzes in History
1
I Am Born On March 19th
2
Famous Spring Paintings
3
Art in Bloom
4
Decade Duel: US Presidents of the 1900s
5
Arab Spring Nations
6
Decade Duel: US Presidents of the 1800s
7
History by Year: 1980s
8
Nickname Match: World Leaders II
9
'NCAA' US History
10
I Am Born On March 18th
Explore More
Trending Topics
Harry Potter
NBA
Crossword
Anime
Marvel
Kpop
Disney
The Office
Song
Soccer
Pokémon
Country
NFL
WWE
Puzzle
hide this ad
More By:
jop379
Quiz
Plays
Rating
Category
Featured
Created
The Jack Lee Life Stories Quiz
17
History
Jan 19, 2012
Mouldy Warp(the untold Story, based on a true story)
9
Literature
Jan 30, 2012
Old Skhool Joe bramley stuff
7
1.00
History
Jan 27, 2012
Go to Creator's Profile
Score Distribution
Quiz Creator Spotlight
jop379
Follow
Send a Message
Quizzes Created
-
Created Quiz Play Count
-
More By This Creator
Popular Quizzes Today
1
Countries of Asia Without Outlines Minefield
2
Find the US States - No Outlines Minefield
3
Pick 6: Fruits
4
Alphabetical 'K' Countries by Flag Minefield
5
The Countries of the World
6
Find the Countries of Europe - No Outlines Minefield
7
US States
8
Find the US States
More History Quizzes
Famous People Born On September 27th
Quiz Lab
Trending Quizzes
Pick 6: Mountains
Pick 6: Harry Potter
Pick 6: Flags
Pick 6: NFL Teams
Pick 6: Movie Franchises
Recently Updated
Adaptations: Name the Title
pecheneg
NWSL Teams
pecheneg
Women's Final Four Teams by Year
bhenderson79
Presidents Quartet II
eogle
Anything But Clue(do)
eogle
Anything But Oceanian Capitals
eogle
Anything But 7
eogle
Anything But Thing
eogle
Word Ladder: February 29
pecheneg
Song Title Questions
pecheneg
Trending Topics
Harry Potter
NBA
Anime
Marvel
Disney
Kpop
Crossword
Puzzle
Soccer
Country
The Office
Pokémon
Song
NFL
WWE
Your Account Isn't Verified!
In order to create a playlist on Sporcle, you need to verify the email address you used during registration. Go to your
Sporcle Settings
to finish the process.
Report this User
Report this user for behavior that violates our
Community Guidelines
.
Details:
Send Report
Go to the Sporcle.com Mobile Site →
Comments